[Event "Amagermesterskabet Gruppe 4 2014"]
[Site "Sundbyoster"]
[Date "2014.08.19"]
[Round "1"]
[White "Nielsen, Bjorn"]
[Black "Hansen, Benny"]
[Result "0-1"]
[WhiteElo "1050"]
[BlackElo "1265"]
[PlyCount "114"]
[EventDate "2014.??.??"]

1. d4 Nf6 2. Nc3 d5 3. g3 g6 4. e3 Bg7 5. Bg2 c6 6. Nge2 O-O 7. O-O Bf5 8. b3
Qd7 9. Ba3 Re8 10. Na4 b6 11. Nb2 Bh3 12. Nf4 Bxg2 13. Nxg2 Bh6 14. Nd3 Qh3 15.
Ne5 Nbd7 16. Nf4 Bxf4 17. Qf3 Nxe5 18. dxe5 Ng4 19. Qg2 Qxg2+ 20. Kxg2 Bxe5 21.
Rad1 c5 22. Rxd5 Rad8 23. Rd3 Rxd3 24. cxd3 Rd8 25. Rd1 e6 26. Rd2 f5 27. h3
Nf6 28. Kf1 Kf7 29. Ke2 Nd5 30. Ke1 Bc3 31. Bc1 Bxd2+ 32. Bxd2 Nb4 33. Bxb4
cxb4 34. d4 a5 35. Kd2 Rc8 36. Kd3 Rc3+ 37. Kd2 b5 38. h4 a4 39. h5 gxh5 40.
Kd1 Kf6 41. Kd2 e5 42. d5 e4 43. d6 Rd3+ 44. Kc2 Kg5 45. Kb2 Rxd6 46. Kc2 Kg4
47. Kc1 Kf3 48. Kc2 Kxf2 49. Kc1 Kxg3 50. Kc2 h4 51. Kc1 h3 52. Kc2 h2 53. Kb2
Rc6 54. a3 bxa3+ 55. Ka1 Rc2 56. Kb1 Rg2 57. bxa4 h1=Q# 0-1

[Event "Amagermesterskabet Gruppe 4 2014"]
[Site "Sundbyoster"]
[Date "2014.08.19"]
[Round "1"]
[White "Kjemtrup, Niels Moller"]
[Black "Madsen, Michael Leerberg"]
[Result "0-1"]
[WhiteElo "1144"]
[BlackElo "1203"]
[PlyCount "62"]
[EventDate "2014.??.??"]

1. d4 Nf6 2. Nc3 e6 3. Nf3 d5 4. g3 c5 5. b3 cxd4 6. Nxd4 e5 7. Nf3 Bb4 8. Bd2
Nc6 9. e3 Bg4 10. Be2 Qd7 11. a3 Bc5 12. b4 Bd6 13. Ng5 Bxe2 14. Qxe2 h6 15.
Nf3 O-O 16. e4 Nd4 17. Nxd4 exd4 18. Nxd5 Nxd5 19. Qf3 Nf6 20. O-O Qg4 21. Qxg4
Nxg4 22. Rad1 Bc7 23. f3 Ne3 24. Bxe3 dxe3 25. Rd7 Bb6 26. Kg2 Rad8 27. Rd3
Rxd3 28. cxd3 Rc8 29. Rd1 Rc2+ 30. Kh3 e2 31. Re1 Bf2 0-1

[Event "Amagermesterskabet Gruppe 4 2014"]
[Site "Sundbyoster"]
[Date "2014.08.19"]
[Round "1"]
[White "Rasmussen, Erik Elmer"]
[Black "Goschal, Theodor Bogdan"]
[Result "1-0"]
[WhiteElo "1100"]
[BlackElo "1200"]
[PlyCount "93"]
[EventDate "2014.??.??"]

1. e4 c5 2. Nf3 d6 3. d4 cxd4 4. Nxd4 e6 5. Bd3 Be7 6. O-O Nf6 7. Bg5 e5 8. Nf5
Bxf5 9. exf5 O-O 10. c4 Qc7 11. Nc3 a6 12. b3 Nc6 13. f4 Rad8 14. fxe5 dxe5 15.
Bxf6 Bxf6 16. Nd5 Rxd5 17. cxd5 Ne7 18. Bc4 b5 19. d6 Qb6+ 20. Kh1 Nc6 21. Bd5
Rd8 22. Bxc6 Qxc6 23. Rc1 Qb7 24. Re1 h6 25. Qd3 Qb6 26. d7 Kh7 27. Rc8 Qd4 28.
Qxd4 exd4 29. Rxd8 Bxd8 30. Re8 Bf6 31. d8=Q Bxd8 32. Rxd8 f6 33. Rxd4 a5 34.
Rd5 a4 35. Rxb5 axb3 36. axb3 h5 37. b4 Kh6 38. h4 g5 39. hxg5+ Kxg5 40. Kh2 h4
41. Kh3 Kh5 42. g4+ hxg3 43. Kxg3 Kg5 44. Rd5 Kh5 45. b5 Kg5 46. b6 Kh5 47. b7
1-0

[Event "Amagermesterskabet Gruppe 4 2014"]
[Site "Sundbyoster"]
[Date "2014.08.19"]
[Round "1"]
[White "Host Madsen, William"]
[Black "Sdun, Martin Ulrik"]
[Result "0-1"]
[WhiteElo "1200"]
[BlackElo "1246"]
[PlyCount "72"]
[EventDate "2014.??.??"]

1. e4 c6 2. Nc3 d5 3. d4 dxe4 4. Nxe4 e6 5. Nf3 Nf6 6. Bg5 Be7 7. Bd3 O-O 8.
Qd2 g6 9. O-O Nxe4 10. Bxe4 f5 11. Bh6 fxe4 12. Bxf8 Bxf8 13. Ne5 Nd7 14. Ng4
Nf6 15. Ne5 Bd6 16. Qg5 Nd7 17. Rfe1 Qf6 18. Qxf6 Nxf6 19. f3 exf3 20. Nxf3 Bd7
21. Ne5 Bxe5 22. dxe5 Nd5 23. c4 Nb6 24. Rac1 c5 25. b4 cxb4 26. Rb1 Rf8 27.
Rxb4 Rf4 28. g3 Rxc4 29. Rxc4 Nxc4 30. Rc1 Nxe5 31. Rc7 Bc6 32. Re7 Bd5 33. a3
h5 34. h3 Kf8 35. Rh7 Nf7 36. g4 Kg8 0-1

[Event "Amagermesterskabet Gruppe 4 2014"]
[Site "Sundbyoster"]
[Date "2014.08.26"]
[Round "2"]
[White "Goschal, Theodor Bogdan"]
[Black "Hansen, Benny"]
[Result "0-1"]
[WhiteElo "1200"]
[BlackElo "1265"]
[PlyCount "74"]
[EventDate "2014.??.??"]

1. d4 Nf6 2. e3 g6 3. Nf3 Bg7 4. Be2 O-O 5. O-O d6 6. Nbd2 Nbd7 7. c4 c5 8. Rb1
Re8 9. a3 b6 10. d5 Bb7 11. e4 e6 12. b3 Ng4 13. Bb2 Bxb2 14. Rxb2 exd5 15.
exd5 Nge5 16. h3 Nxf3+ 17. Nxf3 Ne5 18. Re1 Qf6 19. Rb1 Re7 20. Nh2 Bc8 21. Ng4
Qg5 22. Kh1 Bf5 23. Ra1 Rae8 24. Nxe5 Rxe5 25. Bf3 Rxe1+ 26. Qxe1 Rxe1+ 27.
Rxe1 Qf6 28. a4 Bxh3 29. Re8+ Kg7 30. Ra8 Qc3 31. Bd1 Qe1+ 32. Kh2 Qxd1 33.
Kxh3 a5 34. Re8 Qh1+ 35. Kg3 Qd1 36. Kh3 Qh5+ 37. Kg3 Qg5+ 0-1

[Event "Amagermesterskabet Gruppe 4 2014"]
[Site "Sundbyoster"]
[Date "2014.08.26"]
[Round "2"]
[White "Madsen, Michael Leerberg"]
[Black "Host Madsen, William"]
[Result "0-1"]
[WhiteElo "1203"]
[BlackElo "1200"]
[PlyCount "46"]
[EventDate "2014.??.??"]

1. d4 d5 2. c4 Nf6 3. cxd5 Nxd5 4. e4 Nb4 5. d5 e6 6. a3 N4a6 7. Nc3 Nc5 8. b4
Nca6 9. Bf4 Bd6 10. dxe6 Bxe6 11. e5 Be7 12. Nf3 O-O 13. Nd4 Bg4 14. Qxg4 Qxd4
15. Qg3 Nc6 16. Rd1 Qb6 17. Na4 Bxb4+ 18. axb4 Qxb4+ 19. Nc3 Rad8 20. Rxd8 Rxd8
21. Bxa6 bxa6 22. O-O a5 23. Bh6 g6 0-1

[Event "Amagermesterskabet Gruppe 4 2014"]
[Site "Sundbyoster"]
[Date "2014.08.26"]
[Round "2"]
[White "Rasmussen, Erik Elmer"]
[Black "Kjemtrup, Niels Moller"]
[Result "0-1"]
[WhiteElo "1100"]
[BlackElo "1144"]
[PlyCount "94"]
[EventDate "2014.??.??"]

1. e4 g6 2. d4 d5 3. exd5 Nf6 4. Bg5 Bg7 5. Nf3 O-O 6. c4 e6 7. Ne5 exd5 8. Nc3
dxc4 9. Bxc4 Qe8 10. O-O Be6 11. d5 Bf5 12. Qe2 c6 13. d6 Ne4 14. f4 Nxd6 15.
Bb3 Nd7 16. Rfe1 Nc5 17. Bc2 f6 18. Bxf5 gxf5 19. Rad1 Rd8 20. Rxd6 Rxd6 21.
Qc4+ Qe6 22. Qxc5 fxg5 23. fxg5 Bxe5 24. Qxe5 Qxe5 25. Rxe5 Rd2 26. b3 Rc2 27.
Re3 Rd8 28. h4 Kf7 29. h5 h6 30. gxh6 Rh8 31. Rf3 Ke6 32. Re3+ Kf6 33. Rf3 Rxh6
34. Ne4+ Ke5 35. Ng5 Rxh5 36. Nf7+ Kf6 37. g4 Rhh2 38. Rxf5+ Kg6 39. Ne5+ Kh6
40. g5+ Kh5 41. g6+ Kh6 42. Ng4+ Kxg6 43. Rf2 Rhxf2 44. Nxf2 Rxa2 45. Nd3 Ra3
46. Nc5 b6 47. Nd7 Rxb3 0-1

[Event "Amagermesterskabet Gruppe 4 2014"]
[Site "Sundbyoster"]
[Date "2014.08.26"]
[Round "2"]
[White "Sdun, Martin Ulrik"]
[Black "Nielsen, Bjorn"]
[Result "1-0"]
[WhiteElo "1246"]
[BlackElo "1050"]
[PlyCount "95"]
[EventDate "2014.??.??"]

1. d4 d5 2. Nf3 Nf6 3. Bf4 e6 4. e3 Bb4+ 5. c3 Be7 6. Nbd2 b6 7. Bd3 Ba6 8.
Bxa6 Nxa6 9. Qa4+ Qd7 10. Qxa6 b5 11. Qb7 O-O 12. Qxc7 Rfc8 13. Qxd7 Nxd7 14.
O-O Nf6 15. Rfc1 h6 16. b4 a5 17. bxa5 Rxa5 18. Nb3 Ra4 19. Nfd2 Ba3 20. Rc2
Ne4 21. Nxe4 dxe4 22. Nd2 f5 23. Rb1 b4 24. c4 Rc6 25. c5 h5 26. Nc4 Ra8 27.
Nxa3 bxa3 28. Rb8+ Rc8 29. Rxc8+ Rxc8 30. h4 Rc6 31. Rc3 g6 32. Rxa3 Kf7 33.
Ra7+ Kf8 34. a4 Ke8 35. a5 Kd8 36. Ra8+ Rc8 37. Rxc8+ Kxc8 38. Kf1 Kb7 39. Ke2
Ka6 40. c6 Kxa5 41. c7 Kb6 42. c8=Q g5 43. Qc7+ Kb5 44. Qc5+ Ka4 45. Qb6 gxf4
46. Kd2 fxe3+ 47. Kc3 exf2 48. Qa6# 1-0

[Event "Amagermesterskabet Gruppe 4 2014"]
[Site "Sundbyoster"]
[Date "2014.09.02"]
[Round "3"]
[White "Hansen, Benny"]
[Black "Sdun, Martin Ulrik"]
[Result "0-1"]
[WhiteElo "1265"]
[BlackElo "1246"]
[PlyCount "102"]
[EventDate "2014.??.??"]

1. Nf3 d5 2. g3 c5 3. Bg2 Nc6 4. d4 Bf5 5. Bf4 e6 6. c3 Bd6 7. Bxd6 Qxd6 8. O-O
Nf6 9. dxc5 Qxc5 10. Nbd2 O-O 11. Re1 Rad8 12. Nh4 Bg6 13. Nxg6 fxg6 14. Nf3 e5
15. Ng5 Rde8 16. Qc2 Ng4 17. e3 Rxf2 18. Re2 Rxe2 19. Qxe2 Qxe3+ 20. Qxe3 Nxe3
21. Bf3 e4 22. Be2 h6 23. Kf2 Nf5 24. Nh3 Rf8 25. Nf4 g5 26. Nxd5 Nfe7+ 27. Kg2
Nxd5 28. Bc4 Rf5 29. Re1 Re5 30. Rxe4 Kf8 31. Rxe5 Nxe5 32. Bxd5 b6 33. b3 Ke7
34. h3 Kd6 35. c4 Kc5 36. a3 Kd4 37. Kf2 Kc3 38. b4 Nxc4 39. Bxc4 Kxc4 40. Ke3
a5 41. bxa5 bxa5 42. Ke4 Kb3 43. Kd4 Kxa3 44. Kc4 Kb2 45. Kb5 a4 46. Kxa4 Kc3
47. Kb5 Kd3 48. g4 Ke3 49. Kc5 Kf3 50. Kd5 Kf4 51. Kd4 g6 0-1

[Event "Amagermesterskabet Gruppe 4 2014"]
[Site "Sundbyoster"]
[Date "2014.09.02"]
[Round "3"]
[White "Host Madsen, William"]
[Black "Rasmussen, Erik Elmer"]
[Result "0-1"]
[WhiteElo "1200"]
[BlackElo "1100"]
[PlyCount "114"]
[EventDate "2014.??.??"]

1. e4 c5 2. Nf3 d6 3. d4 cxd4 4. Nxd4 Nf6 5. Nc3 a6 6. Bc4 Bg4 7. Nf3 e5 8. O-O
Be7 9. Be3 O-O 10. Nd5 Nc6 11. c3 Nxe4 12. Bd3 f5 13. Bc4 Kh8 14. Be2 f4 15.
Bb6 Qd7 16. Nxe7 Nxe7 17. Nh4 Bxe2 18. Qxe2 Qc6 19. f3 Qxb6+ 20. Kh1 Nf6 21. b4
g5 22. g3 gxh4 23. gxh4 Rg8 24. Qc4 Nf5 25. Rg1 d5 26. Qe2 Rxg1+ 27. Rxg1 Rg8
28. Rg5 Ne3 29. Rxe5 Nc4 30. Rg5 Rxg5 31. hxg5 Ng8 32. h4 Qc6 33. Qh2 Qc7 34.
h5 Ne3 35. g6 h6 36. Qg1 Qxc3 37. a4 Nf5 38. b5 axb5 39. axb5 d4 40. b6 Qxf3+
41. Qg2 Qxg2+ 42. Kxg2 d3 43. Kh3 d2 44. Kg4 d1=Q+ 45. Kxf5 Qd7+ 46. Ke5 Kg7
47. Ke4 Qb5 48. Kxf4 Kf6 49. Ke3 Qa4 50. Kf3 Ke5 51. Ke2 Qa3 52. Kf2 Ke4 53.
Kg2 Kf4 54. g7 Qb3 55. Kf1 Qc2 56. Ke1 Kf3 57. Kf1 Qf2# 0-1

[Event "Amagermesterskabet Gruppe 4 2014"]
[Site "Sundbyoster"]
[Date "2014.09.02"]
[Round "3"]
[White "Kjemtrup, Niels Moller"]
[Black "Goschal, Theodor Bogdan"]
[Result "0-1"]
[WhiteElo "1144"]
[BlackElo "1200"]
[PlyCount "72"]
[EventDate "2014.??.??"]

1. d4 d5 2. Nf3 Nf6 3. g3 h6 4. Bg2 c6 5. Nc3 Nbd7 6. O-O e6 7. Bf4 Be7 8. Qd3
O-O 9. Rae1 Re8 10. e4 dxe4 11. Nxe4 Nxe4 12. Rxe4 Nf6 13. Re5 Bd6 14. Re2 Bxf4
15. gxf4 Nd5 16. Rd2 Nxf4 17. Qe4 Nxg2 18. Rfd1 f5 19. Qe5 Nh4 20. Nxh4 Qxh4
21. d5 cxd5 22. Rxd5 b6 23. Rd6 Ba6 24. Rxe6 Rxe6 25. Qxe6+ Kh8 26. Qxf5 Rd8
27. Rd7 Rxd7 28. Qxd7 Qg5+ 29. Kh1 Kh7 30. Qxa7 Be2 31. Qb7 Qg4 32. h3 Qxh3+
33. Kg1 Bf3 34. Qxf3 Qxf3 35. c4 Qd3 36. b3 Qb1+ 0-1

[Event "Amagermesterskabet Gruppe 4 2014"]
[Site "Sundbyoster"]
[Date "2014.09.09"]
[Round "4"]
[White "Madsen, Michael Leerberg"]
[Black "Hansen, Benny"]
[Result "1-0"]
[WhiteElo "1203"]
[BlackElo "1265"]
[PlyCount "43"]
[EventDate "2014.??.??"]

1. d4 Nf6 2. c4 g6 3. Nc3 Bg7 4. e4 d6 5. Nf3 O-O 6. Be2 Nbd7 7. O-O c5 8. d5
Ng4 9. Ne1 Nde5 10. f4 h5 11. fxe5 Bxe5 12. Nf3 Bf6 13. h3 Ne5 14. Bd3 Kg7 15.
Bf4 Nxf3+ 16. Rxf3 Rh8 17. Qe2 e5 18. dxe6 fxe6 19. e5 Bg5 20. Raf1 Bd7 21. Rg3
dxe5 22. Bxg5 1-0

[Event "Amagermesterskabet Gruppe 4 2014"]
[Site "Sundbyoster"]
[Date "2014.09.09"]
[Round "4"]
[White "Kjemtrup, Niels Moller"]
[Black "Host Madsen, William"]
[Result "1-0"]
[WhiteElo "1144"]
[BlackElo "1200"]
[PlyCount "47"]
[EventDate "2014.??.??"]

1. d4 Nf6 2. Nf3 g6 3. g3 Bg7 4. Bg2 d6 5. Nc3 a6 6. O-O b5 7. Ng5 O-O 8. Bxa8
Bg4 9. Bf4 Qd7 10. d5 Bh3 11. Re1 a5 12. a4 b4 13. Nb5 Na6 14. Bc6 Qf5 15. Nd4
Qg4 16. c3 e5 17. dxe6 fxe6 18. Ndxe6 Rf7 19. Nd8 bxc3 20. bxc3 Ne4 21. Ndxf7
Bxc3 22. Qb3 Kg7 23. Bxe4 Nc5 24. Qxc3+ 1-0

[Event "Amagermesterskabet Gruppe 4 2014"]
[Site "Sundbyoster"]
[Date "2014.09.23"]
[Round "5"]
[White "Hansen, Benny"]
[Black "Rasmussen, Erik Elmer"]
[Result "1-0"]
[WhiteElo "1265"]
[BlackElo "1100"]
[PlyCount "99"]
[EventDate "2014.??.??"]

1. Nf3 d5 2. d4 c5 3. dxc5 Nc6 4. c3 e5 5. Be3 Nf6 6. g3 Be7 7. Bg2 Ng4 8. O-O
Nxe3 9. fxe3 Bxc5 10. Kh1 Bxe3 11. Na3 e4 12. Nd4 Nxd4 13. cxd4 Bg4 14. Qb3
Bxd4 15. Qa4+ Qd7 16. Qxd4 O-O 17. e3 b6 18. Rf2 h5 19. Rc1 Bf5 20. Qe5 f6 21.
Qf4 g6 22. Rc7 Qe6 23. Nb5 Rad8 24. Nd4 Qd6 25. Qxd6 Rxd6 26. Nxf5 gxf5 27.
Rxf5 Rf7 28. Rxf7 Kxf7 29. Rf2 Ke6 30. Bh3+ f5 31. Rxf5 d4 32. exd4 Rxd4 33.
Rb5+ Kd6 34. Kg1 Rd1+ 35. Kf2 Rd2+ 36. Ke3 Rxh2 37. Bf1 Rh1 38. Be2 Re1 39.
Rxh5 a5 40. g4 Ke6 41. Rb5 Kf6 42. Rxb6+ Kg5 43. Rb5+ Kh4 44. Rxa5 Rg1 45. Rh5+
Kg3 46. g5 Rg2 47. g6 Rf2 48. g7 Rf3+ 49. Bxf3 exf3 50. g8=Q# 1-0

[Event "Amagermesterskabet Gruppe 4 2014"]
[Site "Sundbyoster"]
[Date "2014.09.23"]
[Round "5"]
[White "Host Madsen, William"]
[Black "Goschal, Theodor Bogdan"]
[Result "0-1"]
[WhiteElo "1200"]
[BlackElo "1200"]
[PlyCount "85"]
[EventDate "2014.??.??"]

1. d4 d5 2. Nf3 Nf6 3. Bf4 Nc6 4. c3 e6 5. e3 Bd6 6. Bg3 O-O 7. Bd3 Re8 8. Nbd2
e5 9. dxe5 Nxe5 10. Nxe5 Bxe5 11. Nf3 Bg4 12. Qc2 Be6 13. O-O-O Ne4 14. Rde1 c6
15. Nd4 Qd7 16. f3 Bxg3 17. hxg3 Bf5 18. fxe4 dxe4 19. Be2 Bg6 20. Bh5 Qd5 21.
Bxg6 fxg6 22. Kb1 b5 23. Nb3 a5 24. Nc1 Qc4 25. Rh4 b4 26. cxb4 Qd5 27. Rd1 Qb5
28. Rxe4 Rxe4 29. Qxe4 axb4 30. Rd6 b3 31. a3 Qc5 32. Qxc6 Qf5+ 33. e4 Qa5 34.
Nxb3 Qe1+ 35. Nc1 Rb8 36. Rd7 Qf2 37. Rb7 Rd8 38. Ra7 Qxa7 39. e5 Qe3 40. e6
Rb8 41. Qc7 Qe4+ 42. Ka1 Re8 43. Qf7+ 0-1

[Event "Amagermesterskabet Gruppe 4 2014"]
[Site "Sundbyoster"]
[Date "2014.09.23"]
[Round "5"]
[White "Nielsen, Bjorn"]
[Black "Kjemtrup, Niels Moller"]
[Result "1-0"]
[WhiteElo "1050"]
[BlackElo "1144"]
[PlyCount "95"]
[EventDate "2014.??.??"]

1. d4 d5 2. Nf3 Nf6 3. Nc3 g6 4. e3 Bg7 5. Bd3 Nc6 6. e4 Nb4 7. e5 Nxd3+ 8.
Qxd3 Bf5 9. Qd1 Ne4 10. Nxe4 Bxe4 11. O-O c6 12. c3 O-O 13. Bf4 Qc7 14. Ng5 Bf5
15. Qf3 f6 16. exf6 Be4 17. Bxc7 Bxf3 18. fxe7 Rf5 19. Nxf3 Bf6 20. Rfe1 Kf7
21. Bd8 Ke8 22. Re6 Rc8 23. Rae1 c5 24. Ne5 cxd4 25. cxd4 Bxe5 26. R6xe5 Rxe5
27. dxe5 Rc5 28. f4 d4 29. Rd1 Rd5 30. Rd3 b5 31. b4 g5 32. g3 g4 33. h4 h5 34.
Kf2 Rd7 35. f5 Rd5 36. f6 Rxe5 37. Rxd4 Rf5+ 38. Rf4 Rxf4+ 39. gxf4 Kf7 40. Bc7
Ke8 41. f5 Kf7 42. Bb8 a6 43. Bg3 Ke8 44. Ke3 Kf7 45. Kd4 Kxf6 46. e8=Q Kg7 47.
Be5+ Kh7 48. Qh8# 1-0

[Event "Amagermesterskabet Gruppe 4 2014"]
[Site "Sundbyoster"]
[Date "2014.09.30"]
[Round "6"]
[White "Rasmussen, Erik Elmer"]
[Black "Sdun, Martin Ulrik"]
[Result "0-1"]
[WhiteElo "1100"]
[BlackElo "1246"]
[PlyCount "90"]
[EventDate "2014.??.??"]

1. d4 d5 2. c4 e6 3. Nc3 Nf6 4. Bg5 Be7 5. Nf3 Nc6 6. e3 O-O 7. Bd3 Nb4 8. Be2
dxc4 9. Bxc4 Nc6 10. O-O Re8 11. Re1 a6 12. a3 b5 13. Bb3 Bb7 14. Qd3 Na5 15.
Bc2 Bxf3 16. Bxf6 Bxf6 17. Qxh7+ Kf8 18. gxf3 Ke7 19. b4 Nc4 20. Qd3 Rh8 21.
Ne4 Qd5 22. f4 Rh4 23. f3 Rah8 24. Re2 Qh5 25. Ng3 Qxf3 26. Rf1 Qg4 27. Rg2 Rh3
28. Qe2 Qxe2 29. Rxe2 Nxa3 30. Bd3 Nc4 31. Bxc4 bxc4 32. Rc1 Kd7 33. Rxc4 Rb8
34. Ne4 Be7 35. Nc5+ Bxc5 36. dxc5 Kc6 37. Kg2 Rh5 38. e4 Rd8 39. Ra2 Kb5 40.
Rac2 Rd3 41. c6 Rb3 42. Rc5+ Rxc5 43. Rxc5+ Kxb4 44. f5 Kxc5 45. e5 exf5 0-1

[Event "Amagermesterskabet Gruppe 4 2014"]
[Site "Sundbyoster"]
[Date "2014.09.30"]
[Round "6"]
[White "Kjemtrup, Niels Moller"]
[Black "Hansen, Benny"]
[Result "0-1"]
[WhiteElo "1144"]
[BlackElo "1265"]
[PlyCount "76"]
[EventDate "2014.??.??"]

1. d4 Nf6 2. Nf3 g6 3. Nc3 Bg7 4. e4 d6 5. Bg5 O-O 6. Qe2 Nc6 7. O-O-O Bg4 8.
h3 Bxf3 9. Qxf3 a6 10. e5 Nd7 11. Be2 f6 12. Qd5+ Kh8 13. exf6 Nxf6 14. Bxf6
Bxf6 15. h4 Qd7 16. g4 e6 17. Qe4 Rae8 18. g5 d5 19. Qe3 Bg7 20. h5 e5 21. hxg6
exd4 22. Rxh7+ Kg8 23. Qh3 Qxh3 24. Rxh3 dxc3 25. Bd3 cxb2+ 26. Kb1 Rxf2 27. c4
Nb4 28. cxd5 Nxd3 29. Rhxd3 Rg2 30. d6 cxd6 31. Rxd6 Rxg5 32. a4 Ra5 33. Ka2
Rxa4+ 34. Kb3 Ra1 35. Kc2 Rxd1 36. Rxd1 Rc8+ 37. Kb3 b5 38. Rd5 b1=Q+ 0-1

[Event "Amagermesterskabet Gruppe 4 2014"]
[Site "Sundbyoster"]
[Date "2014.09.30"]
[Round "6"]
[White "Goschal, Theodor Bogdan"]
[Black "Madsen, Michael Leerberg"]
[Result "0-1"]
[WhiteElo "1200"]
[BlackElo "1203"]
[PlyCount "66"]
[EventDate "2014.??.??"]

1. d4 Nf6 2. Bf4 e6 3. e3 c5 4. Nd2 Qb6 5. b3 d5 6. c3 cxd4 7. cxd4 Bd7 8. Bd3
Bb5 9. Qc2 Nc6 10. a3 Rc8 11. Qb1 Be7 12. Ngf3 O-O 13. Bg3 Rfe8 14. b4 Bxd3 15.
Qxd3 Bxb4 16. axb4 Nxb4 17. Qb1 Nc2+ 18. Kf1 Nxa1 19. Qxb6 axb6 20. Bd6 Ne4 21.
g3 Nxd6 22. Kg2 Ra8 23. Rb1 b5 24. Nb3 Nxb3 25. Rxb3 Ra2 26. Ne5 Rc8 27. Nd3 g5
28. g4 Rcc2 29. h3 Ne4 30. Rxb5 Nxf2 31. Nxf2 Rxf2+ 32. Kg3 Rg2+ 33. Kf3 Raf2#
0-1

[Event "Amagermesterskabet Gruppe 4 2014"]
[Site "Sundbyoster"]
[Date "2014.09.30"]
[Round "6"]
[White "Host Madsen, William"]
[Black "Nielsen, Bjorn"]
[Result "0-1"]
[WhiteElo "1200"]
[BlackElo "1050"]
[PlyCount "96"]
[EventDate "2014.??.??"]

1. e4 e5 2. Nf3 Nc6 3. Bc4 Bc5 4. d3 Nf6 5. Nc3 O-O 6. Bg5 Be7 7. d4 d6 8. d5
Na5 9. Be2 b6 10. Qd2 Nb7 11. O-O-O a5 12. a4 Nc5 13. Qe3 Ba6 14. Bf1 Bxf1 15.
Rhxf1 Qd7 16. Nh4 Rae8 17. Nf5 Qd8 18. Nxg7 Kh8 19. Nxe8 Rxe8 20. Bh6 Rg8 21.
f4 Ng4 22. Qh3 Nxh6 23. Qxh6 Qf8 24. Qh5 exf4 25. e5 Rg5 26. Qf3 dxe5 27. Ne4
Nxe4 28. Qxe4 Bd6 29. Rg1 Qh6 30. h3 Rg3 31. Kb1 Qf6 32. Rdf1 Bc5 33. Rh1 Qg5
34. h4 Qg7 35. Rfg1 h5 36. Re1 Bd6 37. Qf5 Qg6 38. Qxg6 fxg6 39. c3 f3 40. gxf3
Rxf3 41. Re2 Rf4 42. Rg2 Kg7 43. Rhg1 Rf6 44. b4 axb4 45. cxb4 Bxb4 46. Rc2 Bd6
47. Ra2 Bb4 48. Re1 Bxe1 0-1

[Event "Amagermesterskabet Gruppe 4 2014"]
[Site "Sundbyoster"]
[Date "2014.10.21"]
[Round "7"]
[White "Sdun, Martin Ulrik"]
[Black "Kjemtrup, Niels Moller"]
[Result "0-1"]
[WhiteElo "1246"]
[BlackElo "1144"]
[PlyCount "70"]
[EventDate "2014.??.??"]

1. d4 d5 2. Nf3 g6 3. c4 Nf6 4. Nc3 Bg7 5. Bg5 Be6 6. e3 dxc4 7. Bxc4 Qd7 8. d5
Bf5 9. Bb5 c6 10. dxc6 bxc6 11. Bc4 O-O 12. O-O a6 13. Qb3 Ne4 14. Nxe4 Bxe4
15. Bf4 c5 16. Bxf7+ Rxf7 17. Bxb8 Bd5 18. Qb6 Rxf3 19. Rfd1 Rf6 20. Qxc5 Qf5
21. Bf4 e6 22. f3 g5 23. g4 Qg6 24. Rxd5 gxf4 25. Rd6 Bf8 26. Qc6 Qe8 27. Qxe8
Rxe8 28. Rxa6 fxe3 29. Kg2 Rd8 30. Re1 Bh6 31. Re2 Rd2 32. Rxd2 exd2 33. Rd6
Bf4 34. Rd3 e5 35. b4 Rc6 0-1

[Event "Amagermesterskabet Gruppe 4 2014"]
[Site "Sundbyoster"]
[Date "2014.10.21"]
[Round "7"]
[White "Hansen, Benny"]
[Black "Host Madsen, William"]
[Result "1-0"]
[WhiteElo "1265"]
[BlackElo "1200"]
[PlyCount "35"]
[EventDate "2014.??.??"]

1. e4 c5 2. Nf3 d6 3. d4 Nd7 4. Nc3 a6 5. Bc4 Nh6 6. Be3 g6 7. Qd2 b6 8. Bxh6
Bxh6 9. Qxh6 cxd4 10. Bxf7+ Kxf7 11. Ng5+ Kg8 12. Ne6 Qf8 13. Nxf8 Nxf8 14. Nd5
Kf7 15. O-O e6 16. Qf4+ Kg7 17. Qf6+ Kh6 18. Qxh8 1-0

[Event "Amagermesterskabet Gruppe 4 2014"]
[Site "Sundbyoster"]
[Date "2014.10.21"]
[Round "7"]
[White "Nielsen, Bjorn"]
[Black "Goschal, Theodor Bogdan"]
[Result "0-1"]
[WhiteElo "1050"]
[BlackElo "1200"]
[PlyCount "134"]
[EventDate "2014.??.??"]

1. e4 c5 2. d4 cxd4 3. Qxd4 Nc6 4. Qd1 e5 5. Nf3 Nf6 6. Nc3 Bb4 7. Bd2 d6 8.
Bd3 O-O 9. O-O Bg4 10. Re1 a6 11. b3 Rc8 12. Na4 Bxd2 13. Qxd2 Bxf3 14. gxf3
Nd4 15. Qe3 b5 16. Nb2 Rxc2 17. Bxc2 Nxc2 18. Qc3 Nxa1 19. Rxa1 Nh5 20. Kh1 Nf4
21. Rg1 Ne2 22. Qe1 Nxg1 23. Qxg1 Qh4 24. Qg3 Qxg3 25. hxg3 Rc8 26. Nd3 Rc3 27.
Nb4 a5 28. Nd5 Rxf3 29. Kg2 Rd3 30. Ne7+ Kf8 31. Nc6 a4 32. b4 Ra3 33. Na7 Rxa2
34. Nxb5 a3 35. Nxd6 Ke7 36. Nf5+ Kf8 37. Nd6 f6 38. b5 Ke7 39. Nc4 Kd7 40. Kf3
Kc7 41. Ke3 Ra1 42. Kd3 a2 43. Ne3 Kb6 44. Nc2 Rb1 45. Kc3 Kxb5 46. f3 a1=Q+
47. Nxa1 Rxa1 48. f4 Ra3+ 49. Kc2 Rxg3 50. fxe5 fxe5 51. Kd2 h5 52. Ke2 h4 53.
Kf2 Ra3 54. Kg2 g5 55. Kf2 Kc4 56. Ke2 Kd4 57. Kd2 Kxe4 58. Kc2 h3 59. Kb2 Rf3
60. Kc2 h2 61. Kd2 h1=Q 62. Ke2 g4 63. Kd2 Qg1 64. Kc2 Qd4 65. Kc1 Rc3+ 66. Kb2
Qb4+ 67. Ka2 Ra3# 0-1